Statistics for Country groups quiz - #4

Click here to take the quiz!

General Stats

  • This quiz has been taken 1,773 times
  • The average score is 19 of 28

Answer Stats

HintAnswer% Correct
Bosnia & Herzegovina
91%
The seven countries formerly in YugoslaviaBosnia & Herzegovina
91%
United States
90%
The four countries with the Union Jack/Flag as part of their flag*Australia
89%
Croatia
88%
Serbia
88%
New Zealand
86%
Slovenia
86%
Kosovo
84%
Montenegro
84%
Saint Kitts & Nevis
82%
Macedonia
81%
Saint Vincent & the Grenadines
79%
Trinidad & Tobago
79%
The six countries with '&' in their namesAntigua & Barbuda
76%
The five countries with one syllable namesChad
71%
France
69%
Spain
69%
Sao Tome & Principe
66%
Fiji
60%
Laos
60%
The European country with capital punishmentBelarus
53%
Greece
53%
Tuvalu
39%
Liberia
23%
The three countries that have not adopted the metric systemBurma
22%
The two countries that share Mount Stanley as their highest pointDemocratic Republic of Congo
21%
Uganda
20%

Score Distribution

Percentile by Number Answered

Percent of People with Each Score

Your Score History

You have not taken this quiz